[Event "Lichtenberger Sommer 2017"]
[Site "Berlin"]
[Date "2017.08.19"]
[Round "1.79"]
[White "Lange, Johannes Friedrich"]
[Black "Schubert, Joachim"]
[Result "0-1"]
[WhiteElo "1545"]
[BlackElo "1893"]
[PlyCount "116"]
[EventDate "2017.??.??"]
[WhiteTeam "TSG Oberschöneweide"]
[BlackTeam "SC Friesen Lichtenberg"]

1. d4 f5 2. c4 Nf6 3. Nc3 e6 4. Nf3 b6 5. Bg5 Be7 6. e3 Bb7 7. Be2 O-O 8. O-O
Qe8 9. Ne5 d6 10. Bf3 Ne4 11. Nxe4 fxe4 12. Bh5 Qd8 13. Bxe7 Qxe7 14. Nf7 g6
15. Bxg6 hxg6 16. Nh6+ Kg7 17. Ng4 Qg5 18. h3 Nd7 19. Qa4 Rf7 20. Rad1 a6 21.
b4 Rh8 22. Qc2 Kf8 23. d5 exd5 24. cxd5 Bxd5 25. Qxc7 Ke7 26. Rd4 Rf5 27. Rc1
Ke6 28. Rc6 Qe7 29. Rc1 Rfh5 30. Rcd1 Qd8 31. Qc3 Nf6 32. Nxf6 Qxf6 33. Qd2 Qe5
34. Qe2 Bb7 35. Qg4+ Ke7 36. Qxg6 d5 37. Qxb6 Qb8 38. Rc1 Kd7 39. Rcd1 Qc7 40.
Qf6 Qe5 41. Qf7+ Kc8 42. Rc1+ Kb8 43. Rc5 Rf5 44. Qd7 Rhf8 45. Rc2 Rg8 46. g3
Rxg3+ 47. fxg3 Qxg3+ 48. Rg2 Qxe3+ 49. Kh2 Qxd4 50. Qxf5 Qxb4 51. Rg8+ Ka7 52.
Rg7 Qb2+ 53. Rg2 Qc3 54. Qf2+ d4 55. Rg4 e3 56. Qe2 Qc7+ 57. Rg3 Qf4 58. Kg1
Qxg3+ 0-1

[Event "Lichtenberger Sommer 2017"]
[Site "Berlin"]
[Date "2017.08.19"]
[Round "1.80"]
[White "Lichii, Elizaveta"]
[Black "Freude, Max"]
[Result "1-0"]
[WhiteElo "1862"]
[BlackElo "1416"]
[PlyCount "85"]
[EventDate "2017.??.??"]
[BlackTeam "SV Empor Berlin"]

1. e4 e5 2. Nf3 Nf6 3. Nxe5 d6 4. Nf3 Nxe4 5. d4 d5 6. Bd3 Be7 7. O-O O-O 8.
Re1 Nf6 9. h3 Nc6 10. c3 Re8 11. Bf4 Bd6 12. Bg5 Rxe1+ 13. Qxe1 Qe8 14. Nbd2
Qxe1+ 15. Rxe1 Be6 16. Ne5 Nd7 17. Nxc6 bxc6 18. c4 h6 19. Be3 Bb4 20. c5 Bxd2
21. Bxd2 Rb8 22. b4 g5 23. a3 Nf6 24. f4 gxf4 25. Bxf4 h5 26. Bxc7 Ra8 27. Be5
Nd7 28. Ba6 Re8 29. Bb7 Nxe5 30. Rxe5 Bd7 31. Rxe8+ Bxe8 32. b5 cxb5 33. c6 Kf8
34. c7 Bd7 35. c8=Q+ Bxc8 36. Bxc8 a5 37. Bb7 Ke7 38. Bxd5 f6 39. Kf2 Kd6 40.
Bb3 a4 41. Ba2 Kc6 42. Kg3 f5 43. Kf4 1-0

[Event "Lichtenberger Sommer 2017"]
[Site "Berlin"]
[Date "2017.08.19"]
[Round "1.81"]
[White "Geisler, Oliver"]
[Black "Landt, Stefan"]
[Result "0-1"]
[WhiteElo "1556"]
[BlackElo "1913"]
[PlyCount "64"]
[EventDate "2017.??.??"]
[WhiteTeam "vereinslos"]
[BlackTeam "SV Berolina Mitte"]

1. b3 Nf6 2. Bb2 d5 3. e3 c5 4. Bb5+ Nc6 5. f4 a6 6. Bxc6+ bxc6 7. Nf3 Bf5 8.
c4 e6 9. Ne5 Ne4 10. O-O f6 11. g4 Bg6 12. Nxg6 hxg6 13. d3 Nd6 14. Qf3 Nf7 15.
Nd2 g5 16. Rfe1 Bd6 17. Re2 Qc7 18. Rf1 Kd7 19. Rff2 Rh4 20. f5 Ne5 21. fxe6+
Kxe6 22. Qf5+ Kf7 23. d4 Nxg4 24. Qxg5 Bxh2+ 25. Kf1 Qg3 26. Ke1 Nxf2 27. Qxg3
Nd3+ 28. Kf1 Bxg3 29. Ba3 cxd4 30. exd4 Rh1+ 31. Kg2 Rh2+ 32. Kxg3 Rxe2 0-1

[Event "Lichtenberger Sommer 2017"]
[Site "Berlin"]
[Date "2017.08.19"]
[Round "1.82"]
[White "Willich, Manfred"]
[Black "Koerber, Bernhard"]
[Result "1-0"]
[WhiteElo "1961"]
[BlackElo "1574"]
[PlyCount "33"]
[EventDate "2017.??.??"]
[WhiteTeam "SK Turm Bad Hersfeld"]
[BlackTeam "Lasker Steglitz-Wilmersdorf"]

1. d4 Nf6 2. c4 g6 3. Nc3 d5 4. cxd5 Nxd5 5. Na4 Bg7 6. Nf3 O-O 7. e4 Nf6 8.
Bd3 Bg4 9. Be3 Nc6 10. Bc2 Bxf3 11. gxf3 Nb4 12. Bb3 e6 13. Qd2 a5 14. a3 Nc6
15. Qc3 Nd7 16. e5 b6 17. Qxc6 1-0

[Event "Lichtenberger Sommer 2017"]
[Site "Berlin"]
[Date "2017.08.19"]
[Round "1.83"]
[White "Wolfram, Mike"]
[Black "Ziems, Michael"]
[Result "1/2-1/2"]
[WhiteElo "1550"]
[BlackElo "1816"]
[PlyCount "91"]
[EventDate "2017.??.??"]
[WhiteTeam "vereinslos"]
[BlackTeam "SV Empor Berlin"]

1. d4 e6 2. c4 d5 3. e3 Nf6 4. Nf3 Be7 5. Nc3 O-O 6. Bd3 a6 7. O-O dxc4 8. Bxc4
b5 9. Bd3 Bb7 10. a3 c5 11. dxc5 Bxc5 12. b4 Be7 13. Be2 Qc7 14. Bb2 Rd8 15.
Qb3 Nbd7 16. Rac1 Qb6 17. Rfd1 Nd5 18. Nxd5 Bxd5 19. Qd3 Nf6 20. Bd4 Qb7 21.
Qc3 Rac8 22. Qb2 Ne8 23. Rxc8 Rxc8 24. Rc1 Rxc1+ 25. Qxc1 Nd6 26. Ne1 Nc4 27.
Bd3 h6 28. f3 Qd7 29. Qc3 f6 30. e4 Bb7 31. Bxc4 bxc4 32. Qxc4 Kh7 33. Bf2 Bd6
34. Qd3 Kg8 35. Bc5 Bxc5+ 36. bxc5 Qa4 37. Qd8+ Kh7 38. Qb6 Qd4+ 39. Kh1 Qf2
40. h3 Qxe1+ 41. Kh2 Qe3 42. Qxb7 Qxc5 43. Qxa6 Qe5+ 44. Kh1 h5 45. a4 g5 46.
Qb5 1/2-1/2

[Event "Lichtenberger Sommer 2017"]
[Site "Berlin"]
[Date "2017.08.19"]
[Round "1.84"]
[White "Oginski, Ulrich"]
[Black "Abraham, Helmut"]
[Result "1-0"]
[WhiteElo "1882"]
[BlackElo "1488"]
[PlyCount "53"]
[EventDate "2017.??.??"]
[WhiteTeam "SC Weisse Dame (Berlin)"]
[BlackTeam "SC Kreuzberg"]

1. c4 Nf6 2. Nc3 e5 3. g3 Bb4 4. Bg2 c6 5. a3 Bxc3 6. bxc3 d5 7. cxd5 cxd5 8.
d4 e4 9. c4 O-O 10. cxd5 Re8 11. Bg5 Qxd5 12. Bxf6 gxf6 13. e3 Qa5+ 14. Qd2
Qxd2+ 15. Kxd2 b6 16. Ne2 Bb7 17. Rhc1 f5 18. Nc3 Nc6 19. Bh3 Ne7 20. Nb5 Rec8
21. Nd6 Rxc1 22. Rxc1 Bd5 23. Rc7 Kf8 24. Nxf5 Nxf5 25. Bxf5 Kg7 26. Re7 Kf6
27. Re5 1-0

[Event "Lichtenberger Sommer 2017"]
[Site "Berlin"]
[Date "2017.08.19"]
[Round "1.85"]
[White "Ellert, Oliver"]
[Black "Dittrich, Tom"]
[Result "0-1"]
[WhiteElo "1497"]
[BlackElo "1943"]
[PlyCount "50"]
[EventDate "2017.??.??"]
[WhiteTeam "SV Empor Berlin"]
[BlackTeam "SG Stadtilm"]

1. e4 c5 2. Nf3 d6 3. Bc4 Nf6 4. d3 Nc6 5. Nc3 g6 6. Bf4 Bg7 7. e5 Nh5 8. Be3
Nxe5 9. Nxe5 Bxe5 10. d4 cxd4 11. Bxd4 O-O 12. Bxe5 dxe5 13. O-O Qc7 14. Bb3
Nf4 15. Qf3 h5 16. Ne4 Bg4 17. Qe3 Kg7 18. f3 Be6 19. Ng3 a5 20. Rfe1 h4 21.
Ne4 h3 22. gxh3 Bxh3 23. Ng5 a4 24. Bxf7 Rxf7 25. Qxf4 Rxf4 0-1

[Event "Lichtenberger Sommer 2017"]
[Site "Berlin"]
[Date "2017.08.19"]
[Round "1.86"]
[White "Bender, Leon"]
[Black "Winkler, Johannes"]
[Result "1-0"]
[WhiteElo "2016"]
[BlackElo "1552"]
[PlyCount "55"]
[EventDate "2017.??.??"]
[WhiteTeam "Sfr. Kelkheim"]
[BlackTeam "SF 1903 Berlin"]

1. Nf3 Nf6 2. c4 e6 3. g3 d5 4. Bg2 c5 5. cxd5 exd5 6. d4 Nc6 7. O-O Be7 8. b3
O-O 9. Bb2 Bg4 10. Nbd2 Re8 11. Ne5 cxd4 12. Nxg4 Nxg4 13. Nf3 Nf6 14. Nxd4 Bc5
15. e3 Rc8 16. Rc1 Bxd4 17. Bxd4 Nxd4 18. Qxd4 Qa5 19. a4 b6 20. Rfe1 Rxc1 21.
Rxc1 Rd8 22. e4 b5 23. exd5 bxa4 24. bxa4 Kf8 25. d6 Nd7 26. Rd1 Qa6 27. Qe4
Nf6 28. Qe7+ 1-0

[Event "Lichtenberger Sommer 2017"]
[Site "Berlin"]
[Date "2017.08.19"]
[Round "1.87"]
[White "Stark, Steven"]
[Black "Schmidt, David"]
[Result "0-1"]
[WhiteElo "1474"]
[BlackElo "1917"]
[PlyCount "108"]
[EventDate "2017.??.??"]
[WhiteTeam "BSC Rehberge"]
[BlackTeam "DB Woltersdorf"]

1. e4 c5 2. Nf3 d6 3. Be2 g6 4. O-O Nf6 5. d3 Nc6 6. c3 Bg7 7. Nbd2 O-O 8. Qc2
Bd7 9. a3 Rc8 10. Rb1 a5 11. Qd1 Nh5 12. Ne1 Nf4 13. Ndf3 Nxe2+ 14. Qxe2 f5 15.
exf5 Bxf5 16. Ng5 e5 17. g4 Bd7 18. Ne4 Be6 19. Ng2 Ne7 20. Ng5 Bd7 21. f3 h6
22. Ne4 Be6 23. Bd2 Qd7 24. Be3 b6 25. b4 Nd5 26. Bd2 axb4 27. axb4 Nf4 28.
Bxf4 exf4 29. bxc5 bxc5 30. Nh4 Kh7 31. Qc2 Qd8 32. Ng2 d5 33. Nf2 Qf6 34. Rb7
Rf7 35. Rxf7 Bxf7 36. Qd2 g5 37. c4 Qd4 38. Qc2 Rb8 39. Rb1 Ra8 40. h4 dxc4 41.
Kh2 cxd3 42. Qxd3+ Qxd3 43. Nxd3 Bg6 44. Rd1 Rd8 45. Nf2 Rxd1 46. Nxd1 Bc2 47.
Nf2 Bd4 48. Ne4 Bxe4 49. hxg5 hxg5 50. Ne1 Bb1 51. Kg2 c4 52. Kf1 c3 53. Ke2 c2
54. Nd3 Be3 0-1

[Event "Lichtenberger Sommer 2017"]
[Site "Berlin"]
[Date "2017.08.19"]
[Round "1.88"]
[White "Schmidt, Jürgen"]
[Black "Plaza Reino, Mateo"]
[Result "1-0"]
[WhiteElo "1952"]
[BlackElo "1370"]
[PlyCount "59"]
[EventDate "2017.??.??"]
[WhiteTeam "SC Kreuzberg"]
[BlackTeam "Enniscorthy Chess Club"]

1. e4 c5 2. Nf3 d6 3. d4 cxd4 4. Nxd4 Nf6 5. Nc3 g6 6. Bc4 Bg7 7. Be3 O-O 8. f3
Bd7 9. Qd2 Nc6 10. O-O-O Rc8 11. Bb3 Ne5 12. h4 Nc4 13. Bxc4 Rxc4 14. h5 a6 15.
hxg6 fxg6 16. Nb3 b5 17. Nd5 Nxd5 18. Qxd5+ Kh8 19. Rxh7+ Kxh7 20. Rh1+ Bh6 21.
Qg5 Kg7 22. Qxh6+ Kf7 23. Qh7+ Kf6 24. Bg5+ Ke6 25. Qxg6+ Ke5 26. f4+ Rxf4 27.
Bxf4+ Kxf4 28. Rf1+ Ke5 29. Qg5+ Ke6 30. Qf5# 1-0

[Event "Lichtenberger Sommer 2017"]
[Site "Berlin"]
[Date "2017.08.19"]
[Round "1.89"]
[White "Ellert, Stefan"]
[Black "Kautz, Stefan"]
[Result "1/2-1/2"]
[WhiteElo "1355"]
[BlackElo "1909"]
[PlyCount "57"]
[EventDate "2017.??.??"]
[WhiteTeam "SV Empor Berlin"]
[BlackTeam "SC Empor Maulwurf Bonn"]

1. e4 c5 2. Nf3 d6 3. Bc4 e6 4. Nc3 a6 5. d4 cxd4 6. Nxd4 Qc7 7. Bb3 b5 8. a3
Nf6 9. Qe2 Be7 10. Be3 Nc6 11. O-O O-O 12. Rad1 Nxd4 13. Bxd4 Bb7 14. f3 Nd7
15. Qf2 Bf6 16. Qd2 Rfd8 17. Qe3 Rac8 18. Bxf6 Nxf6 19. Rd3 Qc5 20. Rfd1 Qxe3+
21. Rxe3 d5 22. Red3 Kf8 23. exd5 Nxd5 24. Bxd5 Bxd5 25. R1d2 Ke7 26. Nxd5+
Rxd5 27. c3 Rxd3 28. Rxd3 Rc5 29. Kf2 1/2-1/2

[Event "Lichtenberger Sommer 2017"]
[Site "Berlin"]
[Date "2017.08.19"]
[Round "1.90"]
[White "Lischeid, Kilian"]
[Black "Gnaß, Erhard"]
[Result "1-0"]
[WhiteElo "1719"]
[BlackElo "1466"]
[PlyCount "135"]
[EventDate "2017.??.??"]
[WhiteTeam "SF Friedrichshagen"]
[BlackTeam "SK Zehlendorf"]

1. c4 c5 2. Nc3 Nc6 3. g3 g6 4. Bg2 Bg7 5. e3 Nf6 6. Nge2 O-O 7. O-O e5 8. d4
d6 9. dxc5 dxc5 10. Qc2 Rb8 11. Rd1 Qe7 12. b3 Nb4 13. Qb1 Bf5 14. e4 Bg4 15.
f3 Be6 16. Nd5 Qe8 17. Be3 b6 18. Bg5 Bxd5 19. cxd5 h6 20. Be3 Qd7 21. Nc3 Na6
22. Qd3 Nc7 23. f4 Nfe8 24. fxe5 Bxe5 25. Bxh6 Bd4+ 26. Kh1 Ng7 27. Rac1 Kh7
28. Be3 Bxc3 29. Qxc3 Nb5 30. Qf6 Qd8 31. Qf4 Kg8 32. Bh3 Nh5 33. Qf1 Nd6 34.
e5 Ne4 35. Qf3 Ng5 36. Qg4 Nxh3 37. Qxh3 Ng7 38. Qg4 Qc8 39. Qe4 Qf5 40. Rc4
Rfe8 41. g4 Qxe5 42. Qxe5 Rxe5 43. Bf4 Rbe8 44. Bxe5 Rxe5 45. d6 Ne6 46. d7 Nd8
47. Kg2 Kf8 48. Kf3 g5 49. Re4 Re7 50. Rxe7 Kxe7 51. Ke4 Ke6 52. a4 a5 53. h3
f6 54. Rd2 Ke7 55. Kf5 Nc6 56. Rd3 Nd4+ 57. Kg6 Ne6 58. Re3 Kxd7 59. Kxf6 Nd4
60. Kxg5 Ne6+ 61. Kf6 Nf4 62. Ke5 Ng6+ 63. Kf5 Ne7+ 64. Ke5 Ng6+ 65. Kf6 Nf4
66. Kf7 Kd6 67. g5 Kd5 68. Rf3 1-0

[Event "Lichtenberger Sommer 2017"]
[Site "Berlin"]
[Date "2017.08.19"]
[Round "1.91"]
[White "Kaufmann, Matthias"]
[Black "Kurzweil, Thomas"]
[Result "1/2-1/2"]
[WhiteElo "1516"]
[BlackElo "1918"]
[PlyCount "57"]
[EventDate "2017.??.??"]
[WhiteTeam "vereinslos"]
[BlackTeam "Spgem Kötz/Ichenhausen"]

1. d4 e6 2. c4 Nf6 3. Nc3 d5 4. cxd5 exd5 5. Nf3 c6 6. Qb3 Be7 7. e3 O-O 8. Be2
b6 9. O-O Bb7 10. Bd2 Nbd7 11. Rac1 Rb8 12. Bd3 c5 13. dxc5 Nxc5 14. Qc2 Nxd3
15. Qxd3 Qe8 16. Rfe1 Ne4 17. Qe2 Bf6 18. Rc2 Nc5 19. Nd4 Qd7 20. Qb5 Qg4 21.
Qe2 Qg6 22. Rec1 Rfe8 23. Qd1 Rbd8 24. g3 Be5 25. Be1 Nd3 26. Ra1 Nxe1 27. Rd2
Bc8 28. Qxe1 Bh3 29. Qd1 1/2-1/2

[Event "Lichtenberger Sommer 2017"]
[Site "Berlin"]
[Date "2017.08.19"]
[Round "1.92"]
[White "Muskewitz, Bernd"]
[Black "Fontaine, Constantin"]
[Result "0-1"]
[WhiteElo "1923"]
[BlackElo "1519"]
[PlyCount "50"]
[EventDate "2017.??.??"]
[WhiteTeam "SV Mattnetz Berlin"]
[BlackTeam "SK Tempelhof 1931"]

1. e4 g6 2. d4 Bg7 3. f3 d6 4. c4 Nd7 5. Nc3 c5 6. Be3 b6 7. Nge2 e6 8. Nb5
Ndf6 9. dxc5 dxc5 10. Qxd8+ Kxd8 11. O-O-O+ Nd7 12. Nec3 a6 13. Nd6 Ke7 14. Na4
Nh6 15. Nxc8+ Rhxc8 16. Rxd7+ Kxd7 17. Nxb6+ Kc6 18. Nxa8 Rxa8 19. Be2 Rb8 20.
b3 a5 21. Rd1 a4 22. bxa4 Ra8 23. Kc2 Rxa4 24. Kb3 Rb4+ 25. Ka3 Bb2# 0-1

[Event "Lichtenberger Sommer 2017"]
[Site "Berlin"]
[Date "2017.08.19"]
[Round "1.93"]
[White "Krüger, Antje-Christine"]
[Black "Matitschka, Heinz"]
[Result "0-1"]
[WhiteElo "1505"]
[BlackElo "1910"]
[PlyCount "64"]
[EventDate "2017.??.??"]
[WhiteTeam "TSG Fredersdorf/Vogelsdorf"]
[BlackTeam "TSG Oberschöneweide"]

1. d4 Nf6 2. c4 e6 3. Nc3 Bb4 4. Bd2 O-O 5. Nf3 d5 6. e3 Nbd7 7. Bd3 dxc4 8.
Bxc4 c5 9. O-O Bxc3 10. Bxc3 Ne4 11. Rc1 Qe7 12. d5 Nxc3 13. Rxc3 Nb6 14. e4
Rd8 15. b3 e5 16. h3 Rd6 17. Qc2 Rg6 18. Kh1 Bd7 19. Bd3 Rh6 20. Ng1 Rc8 21.
Rc1 g5 22. Bc4 Nxc4 23. bxc4 Kh8 24. Rg3 Rg8 25. Qd2 Rhg6 26. Qc3 h5 27. Nf3 f6
28. h4 g4 29. Nh2 Kh7 30. Qa5 f5 31. exf5 Bxf5 32. Qxa7 Ra6 0-1

[Event "Lichtenberger Sommer 2017"]
[Site "Berlin"]
[Date "2017.08.19"]
[Round "1.95"]
[White "Bui, Bao Anh Le"]
[Black "Lippianowski, Stefan"]
[Result "1-0"]
[WhiteElo "1775"]
[BlackElo "1106"]
[PlyCount "35"]
[EventDate "2017.??.??"]
[WhiteTeam "SV Mattnetz Berlin"]
[BlackTeam "SV Mattnetz Berlin"]

1. e4 e5 2. Nf3 Bc5 3. Bc4 h6 4. Nxe5 Bxf2+ 5. Kxf2 Qf6+ 6. Nf3 Nc6 7. d4 d6 8.
Be3 Bg4 9. Rf1 Bxf3 10. Qxf3 Qh4+ 11. Kg1 Nf6 12. g3 Qg4 13. Bxf7+ Kxf7 14.
Qxg4 Rhg8 15. Qd7+ Kg6 16. Qf5+ Kf7 17. e5 Ne7 18. Qh5+ 1-0

[Event "Lichtenberger Sommer 2017"]
[Site "Berlin"]
[Date "2017.08.19"]
[Round "1.96"]
[White "Toth, Hans-Jürgen"]
[Black "Nabel, Matthias"]
[Result "0-1"]
[WhiteElo "1546"]
[BlackElo "1940"]
[PlyCount "56"]
[EventDate "2017.??.??"]
[WhiteTeam "SF Zehdenick"]
[BlackTeam "SV Motor Wildau"]

1. f4 d5 2. Nf3 c6 3. e3 Nf6 4. b3 Bg4 5. Bb2 e6 6. Be2 Nbd7 7. O-O Bd6 8. d4
Ne4 9. Nbd2 f5 10. Nxe4 fxe4 11. Ng5 Bxe2 12. Qxe2 Qf6 13. Qg4 Qf5 14. Qh5+ g6
15. Qh3 Qxh3 16. Nxh3 Ke7 17. a4 Rac8 18. Rfc1 Nf6 19. Nf2 Rhg8 20. h4 h6 21.
c4 g5 22. c5 Bc7 23. hxg5 hxg5 24. fxg5 Rxg5 25. Nh3 Rg3 26. Re1 Rcg8 27. Kh1
Rxg2 28. Bc3 Rh2# 0-1

[Event "Lichtenberger Sommer 2017"]
[Site "Berlin"]
[Date "2017.08.19"]
[Round "1.97"]
[White "Plaza Reino, Mercedes"]
[Black "Dittrich, Hans-Juergen"]
[Result "1-0"]
[WhiteElo "1824"]
[BlackElo "1305"]
[PlyCount "43"]
[EventDate "2017.??.??"]
[WhiteTeam "Enniscorthy Chess Club"]
[BlackTeam "SC Eintracht Berlin"]

1. f4 d5 2. b3 f6 3. Bb2 Nc6 4. Nf3 Bg4 5. d4 e6 6. Nbd2 Bb4 7. a3 Ba5 8. b4
Bb6 9. c4 a6 10. e3 Nh6 11. h3 Bh5 12. c5 Ba7 13. Bd3 Bf7 14. g4 Qd7 15. Qe2 b5
16. cxb6 Bxb6 17. Bxa6 Rxa6 18. Qxa6 O-O 19. Rc1 Rc8 20. Rxc6 Qxc6 21. Qxc8+
Be8 22. Kf2 1-0

[Event "Lichtenberger Sommer 2017"]
[Site "Berlin"]
[Date "2017.08.19"]
[Round "1.98"]
[White "Regel, Michael"]
[Black "Jeß, Arne"]
[Result "1/2-1/2"]
[WhiteElo "1582"]
[BlackElo "1862"]
[PlyCount "89"]
[EventDate "2017.??.??"]
[WhiteTeam "SC Friesen Lichtenberg"]
[BlackTeam "TSG Fredersdorf/Vogelsdorf"]

1. e4 c5 2. c3 d5 3. exd5 Qxd5 4. d4 Nc6 5. Nf3 Bg4 6. Be2 e6 7. Bf4 Nf6 8. Na3
Qe4 9. Be3 cxd4 10. cxd4 Bxa3 11. bxa3 O-O 12. O-O Rfd8 13. h3 Bh5 14. Ng5 Bxe2
15. Nxe4 Bxd1 16. Nxf6+ gxf6 17. Rfxd1 Rd7 18. Rd2 Rad8 19. Rad1 Rd5 20. Rd3 h5
21. R3d2 Na5 22. Rc1 Nc6 23. Rb1 R8d7 24. Rbd1 Ne7 25. g4 Kh7 26. Kg2 Rd8 27.
f3 Nc6 28. Kg3 Na5 29. Rc1 b5 30. Rc7 Nc4 31. Rd3 R8d7 32. Rxd7 Rxd7 33. Bf2
hxg4 34. hxg4 a6 35. f4 Kg6 36. Kf3 Rd8 37. Rc3 Rh8 38. Kg2 Rd8 39. a4 Nd2 40.
axb5 axb5 41. Be3 Ne4 42. Rb3 Rd5 43. Kf3 Nd6 44. Rb4 Nc8 45. a4 1/2-1/2

[Event "Lichtenberger Sommer 2017"]
[Site "Berlin"]
[Date "2017.08.19"]
[Round "1.99"]
[White "Wachtel, Arthur"]
[Black "Kultscher, Christian"]
[Result "1-0"]
[WhiteElo "1803"]
[BlackElo "1257"]
[PlyCount "43"]
[EventDate "2017.??.??"]
[WhiteTeam "SK Freising"]
[BlackTeam "1. SC Anhalt"]

1. e4 e5 2. Nf3 Nf6 3. Nxe5 d6 4. Nf3 Nxe4 5. Nc3 Nxc3 6. dxc3 Be7 7. Be3 Nc6
8. Qd2 Be6 9. a3 h6 10. O-O-O g5 11. Bd3 Qb8 12. Nd4 Nxd4 13. Bxd4 f6 14. Rhe1
Bf7 15. Bxf6 O-O 16. Bxe7 Re8 17. h4 c5 18. hxg5 h5 19. g6 Bd5 20. Qh6 Rxe7 21.
Rxe7 Qd8 22. Qg7# 1-0

[Event "Lichtenberger Sommer 2017"]
[Site "Berlin"]
[Date "2017.08.19"]
[Round "1.100"]
[White "Gläsmann, Christian"]
[Black "Keusch, Horst"]
[Result "0-1"]
[WhiteElo "1472"]
[BlackElo "1976"]
[PlyCount "74"]
[EventDate "2017.??.??"]
[WhiteTeam "SC Erkrath"]
[BlackTeam "SC Eintracht Berlin"]

1. e4 e6 2. Nc3 d5 3. d4 Nf6 4. exd5 exd5 5. Nf3 Bd6 6. Bd3 O-O 7. O-O c6 8.
Bg5 Bg4 9. h3 Bh5 10. g4 Bg6 11. Bxg6 hxg6 12. Bh4 Qc7 13. Ne5 Bxe5 14. dxe5
Qxe5 15. Bg3 Qe6 16. Re1 Qd7 17. Ne2 Na6 18. Nf4 Rae8 19. Rxe8 Rxe8 20. Nd3 Ne4
21. Ne5 Qe7 22. Bh2 Nc7 23. Kg2 Ne6 24. c3 Qh4 25. Qf3 N6g5 26. Qe3 Nxf2 27.
Qxf2 Qxh3+ 28. Kg1 Rxe5 29. Rf1 Qxg4+ 30. Qg2 Qxg2+ 31. Kxg2 Re2+ 32. Rf2 Rxf2+
33. Kxf2 Ne4+ 34. Ke3 f6 35. Bb8 a6 36. Ba7 Kf7 37. Kd4 Ke6 0-1

[Event "Lichtenberger Sommer 2017"]
[Site "Berlin"]
[Date "2017.08.19"]
[Round "1.101"]
[White "Bandlow, Matthias"]
[Black "Petersen, Sophie"]
[Result "1-0"]
[WhiteElo "1945"]
[BlackElo "1437"]
[PlyCount "37"]
[EventDate "2017.??.??"]
[WhiteTeam "Borussia Friedrichsfelde"]
[BlackTeam "SV Rüdersdorf"]

1. d4 Nf6 2. c4 d5 3. cxd5 Nxd5 4. e4 Nb6 5. Nf3 Nc6 6. Bb5 e6 7. O-O a6 8.
Bxc6+ bxc6 9. Qc2 Bb7 10. Nbd2 g6 11. Nb3 Qd7 12. Ne5 Qd6 13. Bf4 Qd8 14. Nxc6
Qd7 15. Rac1 Bg7 16. Ne5 Qe7 17. Na5 Rb8 18. Nxb7 Rxb7 19. Qc6+ 1-0

[Event "Lichtenberger Sommer 2017"]
[Site "Berlin"]
[Date "2017.08.19"]
[Round "1.102"]
[White "Chung, Nicholas"]
[Black "Lehmkuhl, Stefan"]
[Result "1/2-1/2"]
[WhiteElo "1417"]
[BlackElo "1873"]
[PlyCount "72"]
[EventDate "2017.??.??"]
[WhiteTeam "TuS Makkabi Berlin"]
[BlackTeam "Breloher SC"]

1. d3 d5 2. Nf3 Bg4 3. Nd4 c5 4. h3 Bd7 5. Nf3 Nc6 6. Bf4 f6 7. g4 e5 8. Bg3
Qa5+ 9. Nbd2 Bd6 10. Bg2 Nge7 11. O-O O-O 12. c3 Qc7 13. Qb3 Be6 14. Rfe1 Bf7
15. Qc2 Rac8 16. e4 d4 17. c4 a6 18. a3 b5 19. b3 Rfd8 20. Rab1 g5 21. h4 h6
22. h5 Qd7 23. Nh2 Be6 24. f3 Na5 25. Rec1 Qa7 26. Kh1 Rd7 27. Be1 Rb7 28. Ndf1
Nac6 29. Ng3 bxc4 30. bxc4 Rcb8 31. Nhf1 Bd7 32. Nd2 Nd8 33. Nf5 Nxf5 34. exf5
Bc6 35. Ne4 Bxe4 36. fxe4 Bc7 1/2-1/2

[Event "Lichtenberger Sommer 2017"]
[Site "Berlin"]
[Date "2017.08.19"]
[Round "1.103"]
[White "Dellert, Lena"]
[Black "Plaza Reino, Leire"]
[Result "1-0"]
[WhiteElo "1851"]
[BlackElo "1253"]
[PlyCount "51"]
[EventDate "2017.??.??"]
[WhiteTeam "SF Wadgassen"]
[BlackTeam "Enniscorthy Chess Club"]

1. e4 c5 2. Nf3 d6 3. d4 cxd4 4. Nxd4 Nf6 5. Nc3 a6 6. Be3 e5 7. Nb3 Be7 8. f3
Be6 9. Qd2 O-O 10. O-O-O b5 11. g4 Nbd7 12. g5 b4 13. Nd5 Bxd5 14. gxf6 Bxb3
15. fxe7 Qxe7 16. cxb3 a5 17. Qxd6 Qxd6 18. Rxd6 Nf6 19. Bc4 Rfc8 20. Kb1 h6
21. Rg1 Kh7 22. Bxf7 Rc7 23. Bg6+ Kh8 24. Rc1 Rxc1+ 25. Kxc1 Rc8+ 26. Kd2 1-0

[Event "Lichtenberger Sommer 2017"]
[Site "Berlin"]
[Date "2017.08.19"]
[Round "1.104"]
[White "Kossueva, Fatima"]
[Black "Matitschka, Johannes"]
[Result "0-1"]
[WhiteElo "1410"]
[BlackElo "1780"]
[PlyCount "42"]
[EventDate "2017.??.??"]
[WhiteTeam "SC Friesen Lichtenberg"]
[BlackTeam "TSG Oberschöneweide"]

1. e4 c5 2. Nc3 Nc6 3. g3 d6 4. Bg2 Nf6 5. d3 g6 6. f4 Bg4 7. Nf3 Nd4 8. O-O
Bg7 9. h3 Nxf3+ 10. Bxf3 Bxh3 11. Bg2 Qd7 12. Qe2 Bxg2 13. Qxg2 Ng4 14. Nd1
O-O-O 15. c3 h5 16. Nf2 h4 17. Nxg4 Qxg4 18. Qf3 Qxg3+ 19. Qxg3 hxg3 20. Kg2
Rh2+ 21. Kxg3 Rdh8 0-1

[Event "Lichtenberger Sommer 2017"]
[Site "Berlin"]
[Date "2017.08.19"]
[Round "1.105"]
[White "Schulz, Toni"]
[Black "Lange, Christoph"]
[Result "1-0"]
[WhiteElo "1878"]
[BlackElo "1292"]
[PlyCount "113"]
[EventDate "2017.??.??"]
[WhiteTeam "ESV Lok Raw Cottbus"]
[BlackTeam "TSG Oberschöneweide"]

1. d4 d5 2. Bf4 Nf6 3. e3 e6 4. Nd2 Be7 5. Ngf3 a6 6. Ne5 Nbd7 7. Bd3 c5 8. c3
c4 9. Bc2 b5 10. Nc6 Qb6 11. Nxe7 Kxe7 12. O-O Bb7 13. Qf3 Rhe8 14. Qh3 h6 15.
Kh1 Rac8 16. Rab1 Qa5 17. Qg3 Nh5 18. Bd6+ Kd8 19. Qh4+ Ndf6 20. g4 g5 21. Qh3
Rc6 22. Bb4 Qc7 23. gxh5 Kc8 24. Qg3 Qxg3 25. fxg3 e5 26. Bf5+ Kd8 27. Rbe1 e4
28. g4 Bc8 29. h3 Bxf5 30. Rxf5 Ree6 31. Bf8 Ke8 32. Bg7 Ke7 33. Ref1 Rb6 34.
Bxf6+ Rxf6 35. Rxf6 Rxf6 36. Rxf6 Kxf6 37. Kg2 Ke6 38. Nf1 f6 39. Ng3 Kf7 40.
Nf5 a5 41. a3 Kf8 42. Nxh6 Kg7 43. Nf5+ Kf7 44. Nd6+ Kg7 45. Kg3 b4 46. axb4
axb4 47. cxb4 Kf8 48. b5 Ke7 49. h6 Kxd6 50. h7 Kc7 51. h8=Q Kb6 52. Qb8+ Ka5
53. b6 Kb4 54. Qd6+ Kb3 55. Qa3+ Kc2 56. b7 Kb1 57. b8=Q 1-0

[Event "Lichtenberger Sommer 2017"]
[Site "Berlin"]
[Date "2017.08.19"]
[Round "1.106"]
[White "Jouani, Zakharia"]
[Black "Grassi, Fabrizio"]
[Result "0-1"]
[WhiteElo "1158"]
[BlackElo "1868"]
[PlyCount "45"]
[EventDate "2017.??.??"]
[WhiteTeam "Schachpinguine Berlin"]
[BlackTeam "SV Berlin-Friedrichstadt"]

1. d4 d5 2. c4 e6 3. Nf3 Nf6 4. Nc3 Nbd7 5. e3 a6 6. a4 Be7 7. Bd3 O-O 8. O-O
c5 9. Re1 h6 10. Bd2 dxc4 11. Bxc4 Nb6 12. Bb3 Nbd5 13. Ne5 Nb4 14. dxc5 Bxc5
15. Qe2 b6 16. Red1 Qc7 17. Rac1 Qxe5 18. f4 Qxf4 19. Kh1 Qg4 20. Qf2 Nd3 21.
Qe2 Nxc1 22. Rxc1 Bb7 23. Bd1 0-1

[Event "Lichtenberger Sommer 2017"]
[Site "Berlin"]
[Date "2017.08.19"]
[Round "1.107"]
[White "Chapiro, Daniel"]
[Black "Eisheh, Jens-Tarek"]
[Result "0-1"]
[WhiteElo "837"]
[BlackElo "1879"]
[PlyCount "70"]
[EventDate "2017.??.??"]
[WhiteTeam "SC Friesen Lichtenberg"]
[BlackTeam "Lübecker SV"]

1. e4 e5 2. Nf3 Nc6 3. Bc4 Nf6 4. d3 Bc5 5. Be3 Bb6 6. O-O d6 7. Nc3 h6 8. h3
O-O 9. Ne2 Be6 10. b3 d5 11. exd5 Bxd5 12. Bxd5 Nxd5 13. Bxb6 axb6 14. c4 Ndb4
15. Nc1 Qf6 16. d4 e4 17. Nd2 Qxd4 18. Ne2 Qe5 19. a4 Rad8 20. Qc1 Rd3 21. Nc3
Rxc3 22. Qb2 e3 23. Nf3 exf2+ 24. Rxf2 Qe3 25. Re1 Qd3 26. Rd2 Rc2 27. Red1
Qe3+ 28. Kh1 Rxb2 29. Rxb2 Nd3 30. Rbd2 Nf2+ 31. Kh2 Nxd1 32. Rxd1 Rd8 33. Re1
Qf2 34. Rg1 Ne5 35. Nxe5 Qf4+ 0-1